Business Incubation and Business development in Kenya (Record no. 1828)

000 -LEADER
fixed length control field 00543nam a22001937a 4500
003 - CONTROL NUMBER IDENTIFIER
control field OSt
005 - DATE AND TIME OF LATEST TRANSACTION
control field 20150522125911.0
008 - FIXED-LENGTH DATA ELEMENTS--GENERAL INFORMATION
fixed length control field 150522b xxu||||| |||| 00| 0 eng d
020 ## - INTERNATIONAL STANDARD BOOK NUMBER
International Standard Book Number 9783846539538
050 ## - LIBRARY OF CONGRESS CALL NUMBER
Classification number HD62.5.M47 2012
100 ## - MAIN ENTRY--PERSONAL NAME
Personal name Meru, Abel
245 ## - TITLE STATEMENT
Title Business Incubation and Business development in Kenya
Statement of responsibility, etc Abel Meru
260 ## - PUBLICATION, DISTRIBUTION, ETC. (IMPRINT)
Place of publication, distribution, etc Germany
Name of publisher, distributor, etc Lambert Academic Publishing
Date of publication, distribution, etc 2012
300 ## - PHYSICAL DESCRIPTION
Extent 214p.
650 ## - SUBJECT ADDED ENTRY--TOPICAL TERM
Topical term or geographic name as entry element Business Incubation
650 ## - SUBJECT ADDED ENTRY--TOPICAL TERM
Topical term or geographic name as entry element Business Development
651 ## - SUBJECT ADDED ENTRY--GEOGRAPHIC NAME
Geographic name Business Development- Kenya
942 ## - ADDED ENTRY ELEMENTS (KOHA)
Source of classification or shelving scheme
Koha item type Book
Holdings
Withdrawn status Lost status Source of classification or shelving scheme Damaged status Not for loan Home library Current library Shelving location Date acquired Total Checkouts Full call number Barcode Date last seen Date checked out Copy number Price effective from Koha item type
          Riara University Library Riara University Library General stack 22/05/2015 5 HD62.5.M47 2012 5557/15 27/01/2021 09/03/2020 C.1 22/05/2015 Book
          Riara University Library Riara University Library General stack 22/05/2015 3 HD62.5.M47 2012 5558/15 03/12/2018 14/11/2018 C.2 22/05/2015 Book
          Riara University Library Riara University Library General stack 22/05/2015 3 SPE HD62.5.M47 2012 5559/15 01/08/2016 12/07/2016 C.1 22/05/2015 Book

Riara University Library,
P.O. Box 49940-00100,
Nairobi, Kenya.